000 00350nam a2200157Ia 4500
003 OSt
005 20240306162927.0
008 170523s9999 xx 000 0 und d
020 _a978-9353166526
040 _ciimtu meerut
100 _aCHANDRA- P
245 0 _aFINANCIAL MANAGEMENT
260 _bMC GRAW HILL
260 _c2002
942 _2ddc
_c02
999 _c1069
_d1069